000 00584nam a2200205Ia 4500
005 20260429112018.0
008 260429s9999||||xx |||||||||||||| ||und||
020 _a9781032940380
041 _aEnglish
082 _a338.4791
_bKOL
100 _aKolb, Bonita
245 0 _aMarketing research for the tourism, hospitality and events industries /
_cBonita Kolb
250 _a2nd ed.
260 _aNew Delhi :
_bRoutledge,
_c2025.
300 _ax, 190 p.; pbk
650 _a Hospitality management
650 _a Tourism marketing
650 _aMarketing research
942 _cTB
999 _c51887
_d51887